00779cam a2200217 a 45000010005000000030009000050050017000140080041000310200027000720400028000990820016001272450098001432500020002412600039002613000022003005000120003225050017004426500036004596500047004957000019005424200BD-DhUAP20200310163703.0200310s1993 enk d 000 0 eng d a019861134X (plain ed.) aOCocOCodBD-DhUAPbeng00223a423 NEW04aThe new shorter Oxford English dictionary on historical principles /cEdited by Lesley Brown. aThumb index ed. aOxford :bClarendon Press,cc1993. avolumes ;c29 cm. aRev. ed. of: The shorter Oxford English dictionary on historical principles edited by William Little. 3rd ed. 1955. aV. 2- (N-Z). 0aEnglish languagexDictionaries. 0aEnglish languagexEtymologyxDictionaries.1 aBrown, Lesley.